|
|
|
|
| LEADER |
00000cam a2200000 a 4500 |
| 001 |
vtls001182830 |
| 003 |
SK-MaSNL |
| 005 |
20260301112318.0 |
| 008 |
240315s1984 xxu 00000 eng |
| 035 |
|
|
|a SNK000125879
|
| 040 |
|
|
|a SNK
|b slo
|c SNK
|e AACR2
|
| 041 |
0 |
|
|a eng
|
| 044 |
|
|
|a xxu
|c US
|
| 100 |
1 |
|
|a Adés, Dawn
|4 aut
|9 452862
|
| 245 |
1 |
0 |
|a Posters
|b The 20.th-Century Poster
|c By Dawn Ades with contributions by Robert Brown, Alma Law,...
|
| 260 |
|
|
|a Minneapolis
|b Walker Art Center
|a New York
|b Abbeville Press Publ.
|c 1984
|
| 300 |
|
|
|a 215, [1] s.
|c 4°
|
| 648 |
|
7 |
|a 20. stor.
|2 SNKPH
|9 275975
|
| 650 |
0 |
7 |
|a plagáty
|2 SNKPH
|9 3156
|
| 655 |
|
7 |
|a monografie
|2 SNKPH
|9 70139
|
| 700 |
1 |
|
|a Brown, Robert
|4 aut
|9 452863
|
| 700 |
1 |
|
|a Law, Alma
|4 aut
|9 452864
|
| 958 |
|
|
|a RK
|
| 958 |
|
|
|a OND
|
| 999 |
|
|
|c 710049
|d 711979
|
| 952 |
|
|
|t P60, <04>, [BOOK], {604}
|a SNK
|b SNK
|y VYP
|7 0
|o snkIB 58321
|i snkV 1743/87
|0 0
|1 0
|4 0
|d 1996-02-28
|l 0
|r 2005-01-01 00:00:00
|w 2026-02-23
|